Ordenador y discapacidad : (Registro nro. 10371)

Detalles MARC
000 -LIDER
fixed length control field 01017nam a2200265 4500
001 - NÚMERO DE CONTROL
Identificador de número de control 1569
003 - IDENTIFICACDOR DE NÚMERO DE CONTROL
control field DO-SdBNP
005 - DATE AND TIME OF LATEST TRANSACTION
control field 20180131154933.0
007 - CAMPOS FIJOS DE DESCRIPCIÓN FÍSICA
fixed length control field 1569
008 - ELEMENTOS DE LONGITUD FIJA
fixed length control field 160613b 2002 sp ||||| |||| 00| 0 spa d
020 ## - ISBN
International Standard Book Number 8478692584
040 ## - FUENTE DE CATALOGACIÓN
Agencia que crea de manera original el registro BPMDU
Idioma de catalogación spa
Agencia que realiza la transcripción BPMSU
082 ## - NÚMERO DE CLASIFICACIÓN DECIMAL DE DEWEY
Classification number 371.904458
Item number S211O
100 ## - ASIENTO PRINCIPAL -- NOMBRE PERSONAL
Nombre personal Sánchez Montoya, Rafael.
245 ## - MENCIÓN DE TITULO
Título Ordenador y discapacidad :
Subtítulo guía práctica pra conseguir que el ordenador sea una ayuda eficaz en el aprendizaje y la comunicación /
Mención de responsabilidad Rafael Sánchez Montoya
260 ## - PUBLICACIÓN, DISTRIBUCIÓN, ETC. (PIE DE IMPRENTA)
Lugar de publicación, distribución, etc Madrid :
Nombre del editor, distribuidor, etc. Ciencias de la Educación Preescolar y Especial,
Fecha de publicación, distribución, etc 2002
300 ## - DESCRIPCIÓN FÍSICA
Extensión 400 p. :
Otros detalles físicos il. ;
Dimensiones 24 cm.
504 ## - NOTA DE BIBLIOGRAFÍA, ETC.
Bibliography, etc Incluye bibliografía.
650 ## - ENCABEZAMIENTO DE MATERIA--TEMÁTICO
Término temático o nombre geográfico como elemento de entrada EDUCACIÓN ESPECIAL
Subdivisión temática general INNOVACIONES TECNOLÓGICAS
650 ## - ENCABEZAMIENTO DE MATERIA--TEMÁTICO
Término temático o nombre geográfico como elemento de entrada EDUCACIÓN DE PERSONAS CON DISCAPACITADADES FÍSICAS
650 ## - ENCABEZAMIENTO DE MATERIA--TEMÁTICO
Término temático o nombre geográfico como elemento de entrada PERSONAS CON DISCAPACIDADES FÍSICAS
Subdivisión temática general ENSEÑANZA CON AYUDA DE COMPUTADORES
942 ## - ADDED ENTRY ELEMENTS (KOHA)
Source of classification or shelving scheme Dewey Decimal Classification
Koha item type Libros
945 ## - INFORMACIÓN DE PROCESAMIENTO LOCAL
Información de procesamiento local Inventariado, 2018 / BT
956 ## - LOCAL ELECTRONIC LOCATION AND ACCESS (OCLC)
Nombre de host VMATEO
Número de acceso 10
Información de compresión 20160613
Trayectoria BPMSU
Nombre Electrónico 0069
Existencias
Withdrawn status Lost status Source of classification or shelving scheme Damaged status Not for loan Collection code Home library Current library Date acquired Source of acquisition Total Checkouts Full call number Barcode Date last seen Price effective from Koha item type
    Dewey Decimal Classification     Colección Juvenil General Biblioteca Pública Metropolitana Salomé Ureña Biblioteca Pública Metropolitana Salomé Ureña 06/13/2016 FUNDI   371.904458 S211O BPMSU16060174 06/13/2016 06/13/2016 Libros